| 000 | 00747nam a2200241 a 4500 | ||
|---|---|---|---|
| 999 |
_c8473 _d8473 |
||
| 001 | 8473 | ||
| 003 | BD-JhCC | ||
| 005 | 20180225092620.0 | ||
| 008 | 180225s1993 bg |||| ||a| 000 0 ben d | ||
| 035 | _a(BD-JhCC)8473 | ||
| 040 |
_aBD-JhCC _dBD-JhCC |
||
| 041 | _aben | ||
| 082 |
_a382.30 _bAHM 1993 |
||
| 100 | _aআহমদ, তোফায়েল | ||
| 245 |
_aঢাকাল বাণিজ্যিক কারুকলা / _cতোফায়েল আহমদ, |
||
| 260 |
_aঢাকা : _bএশিয়াটিক সোসাইটি অব বাংলাদেশ, _c1991 |
||
| 300 |
_a66 p. : _c24 cm. |
||
| 650 | _aExports | ||
| 650 | _aFree trade | ||
| 650 | _aTrade Fair | ||
| 942 |
_2ddc _cBK |
||